LEADER 05732oam 2201177 c 450 001 9910502679503321 005 20260302090207.0 010 $a9783839457900 010 $a3839457904 024 3 $a9783839457900 035 $a(CKB)5180000000022016 035 $a(transcript Verlag)9783839457900 035 $a(MiAaPQ)EBC6956351 035 $a(Au-PeEL)EBL6956351 035 $a(DE-B1597)585625 035 $a(DE-B1597)9783839457900 035 $a(oapen)https://directory.doabooks.org/handle/20.500.12854/72097 035 $a(OCoLC)1280945104 035 $a(ScCtBLL)bc733398-8b1a-4ed7-a76e-a5e6a89b402d 035 $a(Perlego)2516387 035 $a(oapen)doab72097 035 $a(EXLCZ)995180000000022016 100 $a20260302d2021 uy 0 101 0 $ager 135 $aurnnunnnannuu 181 $ctxt$2rdacontent 182 $cc$2rdamedia 183 $acr$2rdacarrier 200 00$aDigitalisierung ethnologischer Sammlungen$ePerspektiven aus Theorie und Praxis$fHans Peter Hahn, Oliver Lueb, Katja Müller, Karoline Noack 205 $a1st ed. 210 $aBielefeld$ctranscript Verlag$d2021 215 $a1 online resource (368 p.)$c735 MB 25 SW-Abbildungen, 25 Farbabbildungen 225 0 $aEdition Museum 311 08$a9783837657906 311 08$a3837657906 327 $aCover -- Inhalt -- Vorwort -- Einleitung: Digitalisierung ethnologischer Sammlungen - Herausforderungen und Chancen -- A. Hinter den Kulissen: Forschung, Reflexion und Umsetzungen -- Drei Dekaden Digitalisierung und virtuelles Experimentieren mit ethnographischen Sammlungen -- Notizen zur ?Amazonifizierung? der Museumssammlung -- Virtual Ethnographic Collections -- Online im Museumsverbund -- Das Fundament bröckelt -- Challenges and Potential of the Digitization of Anthropological Collections in Argentina -- B. (Ambivalenzen der) Provenienzforschung -- Digitale Fallstricke in der Provenienzforschung -- Sammlungsdigitalisierung am Deutschen Institutfür Tropische und Subtropische Landwirtschaft -- Digitale Inventarisierung -- Digitalisierung menschlicher Überreste als besondere Herausforderung -- Digitalbasierte ethnologische Provenienzforschung -- Dokumentation im Dialog -- C. Vor den Kulissen: Ausstellungen, Zirkulation und Aneignung -- Digitization of Museum Collections -- Sammlungen online -- Infrastructure as digital tools and knowledge practices -- "The Museum in my Pocket" -- Objektarmut und Digitalisierung -- Ausblick -- Autor*innen. 330 $aDie Digitalisierung ethnologischer Sammlungen ist ein wichtiger Schritt für eine »Öffnung der Inventare«. Mit ihren neuen Möglichkeiten bietet sie vielfältige Formen eines dialogischen Austauschs ? auch mit sogenannten Herkunftsgesellschaften ?, generiert erweiterte Perspektiven auf die eigenen Sammlungen und ermächtigt neue Akteur*innen. Dabei ergeben sich Fragen nach Ordnungssystemen, der angemessenen Beschreibung der Sammlungen, der Verantwortung für ihr Zustandekommen und der Legitimierung bestimmter Verbreitungspraktiken. Auf der Grundlage von Fallbeispielen präsentieren die Beiträger*innen des Bandes Antworten und zeichnen ein praxisorientiertes Bild von Wirkungen der Digitalisierung ethnologischer Sammlungen heute. 410 0$aEdition Museum 517 2 $aHahn et al. (Hg.), Digitalisierung ethnologischer Sammlungen$ePerspektiven aus Theorie und Praxis 606 $aAnthropological Museums 606 $aEthnologische Museen 606 $aMuseum 606 $aSammlung 606 $aCollection 606 $aUniversität 606 $aUniversity 606 $aDigitalisierung 606 $aDigitalization 606 $aObjektdatenbanken 606 $aObject Databases 606 $aDigitale Sammlung 606 $aDigital Collections 606 $aAusstellungspraxis 606 $aExhibition Practice 606 $aErinnerungskultur 606 $aMemory Culture 606 $aInternet 606 $aMuseumsmanagement 606 $aMuseum Management 606 $aPraktische Museumskunde 606 $aPractical Museography 606 $aMuseology 606 $aMuseumswissenschaft 606 $aPostkolonialismus 606 $aPostcolonialism 615 4$aAnthropological Museums 615 4$aEthnologische Museen 615 4$aMuseum 615 4$aSammlung 615 4$aCollection 615 4$aUniversität 615 4$aUniversity 615 4$aDigitalisierung 615 4$aDigitalization 615 4$aObjektdatenbanken 615 4$aObject Databases 615 4$aDigitale Sammlung 615 4$aDigital Collections 615 4$aAusstellungspraxis 615 4$aExhibition Practice 615 4$aErinnerungskultur 615 4$aMemory Culture 615 4$aInternet 615 4$aMuseumsmanagement 615 4$aMuseum Management 615 4$aPraktische Museumskunde 615 4$aPractical Museography 615 4$aMuseology 615 4$aMuseumswissenschaft 615 4$aPostkolonialismus 615 4$aPostcolonialism 702 $aHahn$b Hans Peter$p

Hans Peter Hahn, Goethe-Universität Frankfurt a.M., Frankfurt a.M., Deutschland

$4edt 702 $aLueb$b Oliver$p

Oliver Lueb, Rautenstrauch-Joest-Museum Köln, Deutschland

$4edt 702 $aMüller$b Katja$p

Katja Müller, Martin-Luther-Universität Halle-Wittenberg, Deutschland

$4edt 702 $aNoack$b Karoline$p

Karoline Noack, Universität Bonn, Deutschland

$4edt 801 0$btranscript Verlag 801 1$btranscript Verlag 906 $aBOOK 912 $a9910502679503321 996 $aDigitalisierung ethnologischer Sammlungen$94413484 997 $aUNINA